| 000 | 00855nam a22002417a 4500 | ||
|---|---|---|---|
| 003 | MX-MxUPN | ||
| 005 | 20250930115143.0 | ||
| 008 | 250902s2003 fr |||||fr||| 100 0 eng d | ||
| 040 |
_aMX-MxUPN _bspa _cMX-MxUPN |
||
| 041 | 0 | _aeng | |
| 050 | 1 | 4 |
_aQH91.75A1 _bW6 2003 |
| 111 | 2 |
_aWorld Heritage Convention : _d(2002: Hanoi, Viet Nam) |
|
| 245 | 1 | 0 | _aProceeding of the world heritage marine biodiversity workshop |
| 260 |
_aParis : _bUnesco: The Union Conservation Union, _c2003 |
||
| 300 |
_a92 páginas : _bilustraciones a color |
||
| 490 | 0 |
_aWorld Heritage papers : _v4 |
|
| 650 | 1 | 0 |
_aConservación de los recursos marinos _vCongresos _957567 |
| 700 | 1 |
_bHillary, Annie _eedición _957569 |
|
| 700 | 1 |
_aKokkonen, Marjaana _eedición _957570 |
|
| 700 | 1 |
_aMax, Lisa _eedición _957571 |
|
| 902 | _aBerenice Martínez/020925 | ||
| 942 |
_2lcc _cLIBRO |
||
| 999 |
_c213942 _d213942 |
||